| 000 | 00691nam a2200205 4500 | ||
|---|---|---|---|
| 001 | 121825 | ||
| 003 | ES-MaACL | ||
| 007 | t| | ||
| 008 | 070214s1927 sp r ||||1| cat d | ||
| 100 | 1 |
_aPlinio Cecilio Segundo, Cayo _992658 |
|
| 245 | 1 | 0 |
_aLletres / _cPlini el Jove ; text revisat i traducció de Marçal Olivar. |
| 260 |
_aBarcelona : _bFundació Bernat Metge, _c1927. |
||
| 300 |
_a2 v. ; _c21 cm. |
||
| 490 | 1 | _aEscriptors llatins (Fundació Bernat Metge | |
| 700 | 1 |
_aOlivar, Marçal. _986758 |
|
| 710 | 2 |
_aFundació Bernat Metge. _94201 |
|
| 830 | 0 |
_aEscriptors llatins (Fundació Bernat Metge _9186525 |
|
| 852 |
_aES-MaACL _jC-6776-7 |
||
| 999 |
_c121825 _d121825 |
||